Computer Organization and Architecture : (Record no. 17037)

MARC details
000 -LEADER
fixed length control field 00808nam a22002538a 4500
001 - CONTROL NUMBER
control field 016030310
005 - DATE AND TIME OF LATEST TRANSACTION
control field 20180128103215.0
008 - FIXED-LENGTH DATA ELEMENTS--GENERAL INFORMATION
fixed length control field 120207s2013 enk 000 0 eng|d
020 ## - INTERNATIONAL STANDARD BOOK NUMBER
International Standard Book Number 0273769197 (pbk.) :
020 ## - INTERNATIONAL STANDARD BOOK NUMBER
International Standard Book Number 9780273769194 (pbk.) :
082 04 - DEWEY DECIMAL CLASSIFICATION NUMBER
Classification number 004.22
Edition number 23
Item number STA
100 1# - MAIN ENTRY--PERSONAL NAME
Personal name Stallings, William.
9 (RLIN) 31000
245 10 - TITLE STATEMENT
Title Computer Organization and Architecture :
Remainder of title Designing for Performance /
Statement of responsibility, etc by William Stallings.
250 ## - EDITION STATEMENT
Edition statement 9th ed.
260 ## - PUBLICATION, DISTRIBUTION, ETC. (IMPRINT)
Place of publication, distribution, etc Harlow :
Name of publisher, distributor, etc Pearson Education,
Date of publication, distribution, etc 2013.
300 ## - PHYSICAL DESCRIPTION
Extent 786 p. ;
Dimensions 24 cm.
500 ## - GENERAL NOTE
General note "International ed"--cover.
650 #0 - SUBJECT ADDED ENTRY--TOPICAL TERM
Topical term or geographic name as entry element Computer organization.
9 (RLIN) 31001
Source of heading or term BUEsh
650 #0 - SUBJECT ADDED ENTRY--TOPICAL TERM
Topical term or geographic name as entry element Computer architecture.
9 (RLIN) 31002
Source of heading or term BUEsh
651 ## - SUBJECT ADDED ENTRY--GEOGRAPHIC NAME
Source of heading or term BUEsh
653 ## - INDEX TERM--UNCONTROLLED
Resource For college Informatics and Computer Science
Arrived date list September2012
-- September2013
655 ## - INDEX TERM--GENRE/FORM
Form subdivision Text book
-- 33728
942 ## - ADDED ENTRY ELEMENTS (KOHA)
Source of classification or shelving scheme Dewey Decimal Classification
Item type Book - Borrowing
Holdings
Withdrawn status Item status Source of classification or shelving scheme Damaged status Not for loan Vendor Home library Current library Shelving location Date acquired Source of acquisition Cost, normal purchase price Serial Enumeration / chronology Total Checkouts Full call number Barcode Date last seen Koha item type Total Renewals Date last borrowed
    Dewey Decimal Classification     Baccah Central Library Central Library Lower Floor 27/09/2012   190.00 3   004.22 STA 000027455 15/07/2025 NB - Book (Non borrowing)    
    Dewey Decimal Classification     Baccah Central Library Central Library Lower Floor 27/09/2012   190.00 3 2 004.22 STA 000027456 15/07/2025 Book - Borrowing 5 29/12/2019
    Dewey Decimal Classification     Baccah Central Library Central Library Lower Floor 27/09/2012   190.00 3   004.22 STA 000027457 15/07/2025 Book - Borrowing    
    Dewey Decimal Classification     Baccah Central Library Central Library Lower Floor 27/09/2012   190.00 3 2 004.22 STA 000027458 15/07/2025 Book - Borrowing 4 22/09/2019
    Dewey Decimal Classification     Baccah Central Library Central Library Lower Floor 27/09/2012   190.00 3 4 004.22 STA 000027459 15/07/2025 Book - Borrowing 3 02/12/2019
    Dewey Decimal Classification     Baccah Central Library Central Library Lower Floor 27/09/2012   190.00 3 1 004.22 STA 000027460 15/07/2025 Book - Borrowing 12 01/03/2020
    Dewey Decimal Classification     Baccah Central Library Central Library Lower Floor 01/10/2013       1 004.22 STA 000029160 15/07/2025 Book - Borrowing 3 03/10/2018
    Dewey Decimal Classification     Baccah Central Library Central Library Lower Floor 01/10/2013       1 004.22 STA 000029161 15/07/2025 Book - Borrowing 21 08/10/2019
    Dewey Decimal Classification     Baccah Central Library Central Library Lower Floor 01/10/2013         004.22 STA 000029162 15/07/2025 Book - Borrowing    
    Dewey Decimal Classification     Baccah Central Library Central Library Lower Floor 01/10/2013       1 004.22 STA 000029163 15/07/2025 Book - Borrowing 58 30/09/2019
    Dewey Decimal Classification     Baccah Central Library Central Library Lower Floor 01/10/2013       1 004.22 STA 000029164 15/07/2025 Book - Borrowing 1 17/11/2019
    Dewey Decimal Classification     Baccah Central Library Central Library Lower Floor 01/10/2013       1 004.22 STA 000029165 15/07/2025 Book - Borrowing 22 30/09/2019
    Dewey Decimal Classification     Baccah Central Library Central Library Lower Floor 01/10/2013         004.22 STA 000029166 15/07/2025 Book - Borrowing    
    Dewey Decimal Classification     Baccah Central Library Central Library Lower Floor 01/10/2013       1 004.22 STA 000029167 15/07/2025 Book - Borrowing 34 24/09/2019
    Dewey Decimal Classification     Baccah Central Library Central Library Lower Floor 01/10/2013         004.22 STA 000029168 15/07/2025 Book - Borrowing